| 000 | 01015nam a22002537a 4500 | ||
|---|---|---|---|
| 001 | BD-DhSAU 9199 | ||
| 003 | BD-DhSAU | ||
| 005 | 20190409121045.0 | ||
| 008 | 150613b2013 bg a|||| m||| 00| 0 eng d | ||
| 040 | _aBD-DhSAU | ||
| 082 |
_222 _a630 _bR2818 |
||
| 100 |
_aPaul, Santosh Kumar _eRegistration # 05-01576 |
||
| 245 |
_aAllelopathic effects of rapeseed mustard varieties on lentil and its associated weeds / _bMS thesis _cSantosh Kumar Paul |
||
| 260 |
_aSher-e-Bangla Agricultural University : _bDepartmentof Agronomy, _c2013. |
||
| 300 |
_ax, 102 p. : _bill. ; _c30 cm. |
||
| 500 | _aMS thesis of Department of Agronomy, Faculty of Agriculture, Sher-e-Bangla Agricultural University, Dhaka, Bangladesh | ||
| 504 | _aIncludes bibliographical reference. | ||
| 590 | _aJerin | ||
| 650 | _aAgronomy | ||
| 700 |
_aBiswas, Parimal Kanti _eSuperviser |
||
| 700 |
_aIslam ,Md. Shahidul _eCo-superviser |
||
| 856 | _uhttp://10.10.0.126:8080/xmlui/handle/123456789/2360 | ||
| 942 |
_2ddc _cTHESIS |
||
| 999 |
_c9199 _d9199 |
||